000 nam a22 7a 4500
999 _c10121
_d10121
008 180212b ||||| |||| 00| 0 eng d
100 _aGupta, M
_96139
245 _aKids view science class - V
260 _aNew Delhi
_bGeeta Publication
_c2013